Visualizzazione normale
Vista MARC
- Cataluña (España)
di Geographic Name
Records bibliografici associati: 3
001 - CONTROL NUMBER
- control field: 18596
003 - CONTROL NUMBER IDENTIFIER
- control field: IT-RoINE
005 - DATE AND TIME OF LATEST TRANSACTION
- control field: 20180523090253.0
008 - FIXED-LENGTH DATA ELEMENTS
- fixed length control field: 150424|| aca||aabn | a|a d
040 ## - CATALOGING SOURCE
- Original cataloging agency: IT-RoINE
- Transcribing agency: IT-RoINE
151 ## - HEADING--GEOGRAPHIC NAME
- Geographic name: Cataluña (España)
- General subdivision: Divisiones políticas y administrativas
670 ## - SOURCE DATA FOUND
- Source citation: Work cat.: (IT-RoINE)0: La divisió territorial de Catalunya :, 1986.